[Event "EU-ch Rapid"]
[Site "Katowice"]
[Date "2022.12.18"]
[Round "7"]
[White "Manik, Mikulas"]
[Black "Wisniewski, Michal"]
[Result "1-0"]
[WhiteElo "2359"]
[BlackElo "2168"]
[PlyCount "103"]
[EventDate "2022.12.17"]
[EventType "swiss (rapid)"]
[EventRounds "11"]
[EventCountry "POL"]
[SourceTitle "CBM 211 Extra"]
[Source "ChessBase"]
[SourceDate "2023.01.31"]
[SourceVersion "1"]
[SourceVersionDate "2023.01.31"]
[SourceQuality "1"]

1. e4 d5 2. exd5 Qxd5 3. Nc3 Qa5 4. d4 Nf6 5. Nf3 Nc6 6. Bd2 Bg4 7. Nb5 Qb6 8. c4 Bxf3 9. Qxf3 Nxd4 10. Nxd4 Qxd4 11. Qxb7 Qe4+ 12. Qxe4 Nxe4 13. Be3 e6 14. Bd3 Nc5 15. Bc2 0-0-0 16. Ke2 a5 17. a3 Nb7 18. b4 axb4 19. axb4 Bxb4 20. Be4 c5 21. Ra8+ Kc7 22. Ra7 Rb8 23. Bf4+ Kb6 24. Bxb8 Rxb8 25. Rxb7+ Rxb7 26. Bxb7 Kxb7 27. Rd1 Kc7 28. Rd3 f5 29. Rg3 g6 30. Rh3 Kd6 31. Rxh7 Ke5 32. Kd3 Be1 33. Ke2 Bc3 34. Kd3 Bd4 35. f3 Kf6 36. h4 e5 37. h5 gxh5 38. Rxh5 Kg6 39. g4 e4+ 40. Ke2 exf3+ 41. Kxf3 fxg4+ 42. Kxg4 Kf6 43. Kf4 Ke6 44. Ke4 Kd6 45. Rh6+ Kc7 46. Kd5 Kb7 47. Rg6 Ka7 48. Kc6 Ka6 49. Rg3 Ka5 50. Rb3 Ka4 51. Rb5 Ka3 52. Kd5 1-0

[Event "EU-ch Rapid"]
[Site "Katowice"]
[Date "2022.12.18"]
[Round "10"]
[White "Vogel, Roven"]
[Black "Wisniewski, Michal"]
[Result "1-0"]
[WhiteElo "2463"]
[BlackElo "2168"]
[PlyCount "55"]
[EventDate "2022.12.17"]
[EventType "swiss (rapid)"]
[EventRounds "11"]
[EventCountry "POL"]
[SourceTitle "CBM 211 Extra"]
[Source "ChessBase"]
[SourceDate "2023.01.31"]
[SourceVersion "1"]
[SourceVersionDate "2023.01.31"]
[SourceQuality "1"]

1. d4 Nf6 2. c4 c5 3. Nf3 cxd4 4. Nxd4 e5 5. Nb5 d5 6. cxd5 Bc5 7. N5c3 0-0 8. e3 e4 9. Be2 Qe7 10. a3 a5 11. Nd2 Rd8 12. Qc2 Bf5 13. g4 Bg6 14. h4 h6 15. g5 hxg5 16. hxg5 Nxd5 17. Ncxe4 Bxe3 18. fxe3 Nxe3 19. Qc3 Ng2+ 20. Kf2 Nf4 21. Rh4 Nxe2 22. Qh3 f5 23. Rh8+ Kf7 24. Qb3+ Qe6 25. Qxe6+ Kxe6 26. Rxd8 Ke7 27. Rc8 Nd4 28. Nc3 1-0

[Event "EU-ch Rapid"]
[Site "Katowice"]
[Date "2022.12.17"]
[Round "3"]
[White "De Filomeno, Simone"]
[Black "Wisniewski, Michal"]
[Result "1/2-1/2"]
[WhiteElo "2450"]
[BlackElo "2168"]
[PlyCount "120"]
[EventDate "2022.12.17"]
[EventType "swiss (rapid)"]
[EventRounds "11"]
[EventCountry "POL"]
[SourceTitle "CBM 211 Extra"]
[Source "ChessBase"]
[SourceDate "2023.01.31"]
[SourceVersion "1"]
[SourceVersionDate "2023.01.31"]
[SourceQuality "1"]

1. d4 Nf6 2. c4 c5 3. Nf3 cxd4 4. Nxd4 e5 5. Nb5 d5 6. cxd5 Bc5 7. g3 Qb6 8. e3 0-0 9. N5c3 e4 10. Nd2 Bf5 11. Bg2 Re8 12. 0-0 Qd6 13. a3 a5 14. Nc4 Qa6 15. Qb3 Nbd7 16. Qb5 Ne5 17. Qxa6 Rxa6 18. Nxe5 Rxe5 19. Rd1 Rd6 20. b4 axb4 21. axb4 Bxb4 22. Ra8+ Re8 23. Rxe8+ Nxe8 24. Nxe4 Bxe4 25. Bxe4 Ra6 26. Bd3 Ra1 27. Bc2 Nd6 28. e4 f6 29. Kf1 Bc5 30. Ke1 Ra2 31. Bd3 Bxf2+ 32. Kf1 Bc5 33. Bf4 Rxh2 34. e5 fxe5 35. Bxe5 g6 36. g4 Rh1+ 37. Ke2 Rxd1 38. Kxd1 Nf7 39. Bc3 Bd6 40. Kc2 Be5 41. Bb4 Kg7 42. Kb3 h5 43. gxh5 gxh5 44. Kc4 Kf6 45. Be1 Kg5 46. Kc5 h4 47. Be4 h3 48. Bh1 Kf4 49. Kb6 Nd6 50. Bd2+ Kg3 51. Bb4 Nf7 52. Kxb7 Kh2 53. Be4 Ng5 54. Bf5 Kg3 55. Bxh3 Kxh3 56. d6 Nf7 57. d7 Bf6 58. Ba5 Kg4 59. d8Q Nxd8+ 60. Bxd8 Bxd8 1/2-1/2

[Event "EU-ch Blitz"]
[Site "Katowice"]
[Date "2022.12.16"]
[Round "14"]
[White "Sidletskyi, Ivan"]
[Black "Wisniewski, Michal"]
[Result "0-1"]
[WhiteElo "2152"]
[BlackElo "2168"]
[PlyCount "86"]
[EventDate "2022.12.16"]
[EventType "swiss (blitz)"]
[EventRounds "22"]
[EventCountry "POL"]
[SourceTitle "CBM 211 Extra"]
[Source "ChessBase"]
[SourceDate "2023.01.31"]
[SourceVersion "1"]
[SourceVersionDate "2023.01.31"]
[SourceQuality "1"]

1. e4 Nf6 2. e5 Nd5 3. d4 d6 4. Nf3 g6 5. exd6 cxd6 6. Bd3 Bg7 7. 0-0 0-0 8. c3 Nc6 9. h3 e5 10. dxe5 dxe5 11. Na3 Be6 12. Ng5 Bc8 13. Bc4 Nce7 14. Ne4 a6 15. Bg5 f6 16. Be3 b5 17. Bxd5+ Qxd5 18. Qxd5+ Nxd5 19. Bc5 Rd8 20. Rad1 Be6 21. c4 bxc4 22. Nxc4 Nf4 23. Nb6 Rab8 24. a4 Bb3 25. Ra1 f5 26. Nc3 Nd3 27. Be7 Re8 28. Nd7 Rb7 29. Nf6+ Bxf6 30. Bxf6 h6 31. Bh4 g5 32. Bg3 f4 33. Bh2 Kg7 34. f3 Rc8 35. Ne4 Rc2 36. Rad1 Nxb2 37. Rd6 Nxa4 38. Rxa6 Bc4 39. Rxa4 Bxf1 40. Ra1 Bxg2 41. Rd1 Bxf3 42. Re1 Bxe4 43. Rxe4 Rb1+ 0-1

[Event "EU-ch Blitz"]
[Site "Katowice"]
[Date "2022.12.16"]
[Round "9"]
[White "Wisniewski, Michal"]
[Black "Grochol, Kamil"]
[Result "1-0"]
[WhiteElo "2168"]
[BlackElo "2030"]
[PlyCount "85"]
[EventDate "2022.12.16"]
[EventType "swiss (blitz)"]
[EventRounds "22"]
[EventCountry "POL"]
[SourceTitle "CBM 211 Extra"]
[Source "ChessBase"]
[SourceDate "2023.01.31"]
[SourceVersion "1"]
[SourceVersionDate "2023.01.31"]
[SourceQuality "1"]

1. Nf3 d5 2. d3 Nf6 3. g3 e6 4. Bg2 Be7 5. 0-0 0-0 6. Nbd2 c5 7. c3 Nc6 8. e4 Qc7 9. Qc2 b5 10. Re1 Bb7 11. exd5 Nxd5 12. Ne4 h6 13. a3 Rfd8 14. c4 bxc4 15. dxc4 Nf6 16. Bf4 Qb6 17. Nc3 Nd4 18. Nxd4 Rxd4 19. Na4 Qa6 20. Bxb7 Qxb7 21. Be3 Qe4 22. Qb3 Rd3 23. Qb5 a6 24. Qa5 Rad8 25. Bxc5 Qb7 26. Bxe7 Qxe7 27. Qxa6 Ng4 28. Qb6 Rd2 29. Rf1 Qg5 30. Nc3 Qh5 31. h4 g5 32. Qc5 Kg7 33. Ne4 R2d4 34. f3 Rxe4 35. fxe4 Nf6 36. Qe5 Rd2 37. Qxf6+ Kg8 38. Qf3 Qg6 39. h5 Qg7 40. Qf6 Qf8 41. Rad1 Qc5+ 42. Kh1 Qc6 43. Qxf7+ 1-0

[Event "Kezmarok op"]
[Site "Kezmarok"]
[Date "2022.09.25"]
[Round "2"]
[White "Wisniewski, Michal"]
[Black "Rak, Martin"]
[Result "1-0"]
[WhiteElo "2152"]
[BlackElo "1805"]
[PlyCount "65"]
[EventDate "2022.09.24"]
[EventType "swiss"]
[EventRounds "9"]
[EventCountry "SVK"]
[SourceTitle "CBM 210 Extra"]
[Source "ChessBase"]
[SourceDate "2022.11.30"]
[SourceVersion "1"]
[SourceVersionDate "2022.11.30"]
[SourceQuality "1"]

1. Nf3 d5 2. c4 d4 3. b4 g5 4. Bb2 Bg7 5. e4 e5 6. d3 g4 7. Ng1 h5 8. Nd2 Na6 9. Ba3 Qe7 10. Rb1 c6 11. Qc1 Bh6 12. b5 Nc5 13. bxc6 b6 14. Qb2 Bxd2+ 15. Kxd2 Qg5+ 16. Kc2 Qf6 17. Bxc5 Qxf2+ 18. Ne2 bxc5 19. c7 f5 20. Qb5+ Kf7 21. Qc6 fxe4 22. Qxe4 Nf6 23. Qxa8 Bf5 24. Qxh8 Bxd3+ 25. Kxd3 Qf5+ 26. Kd2 Qxb1 27. Qxf6+ Kxf6 28. c8Q e4 29. Qd8+ Kg6 30. Nxd4 Qb4+ 31. Ke3 cxd4+ 32. Qxd4 Qe1+ 33. Kf4 1-0

[Event "Wroclaw Anderssen Memorial op"]
[Site "Wroclaw"]
[Date "2022.07.30"]
[Round "5"]
[White "Wisniewski, Michal"]
[Black "Barwinska, Ewa"]
[Result "1-0"]
[WhiteElo "2120"]
[BlackElo "1940"]
[PlyCount "95"]
[EventDate "2022.07.30"]
[EventType "swiss (rapid)"]
[EventRounds "9"]
[EventCountry "POL"]
[SourceTitle "CBM 209 Extra"]
[Source "ChessBase"]
[SourceDate "2022.09.30"]
[SourceVersion "1"]
[SourceVersionDate "2022.09.30"]
[SourceQuality "1"]

1. Nf3 c5 2. b3 Nc6 3. Bb2 d6 4. e3 e5 5. Bb5 Bd7 6. d4 cxd4 7. exd4 e4 8. Nfd2 d5 9. 0-0 a6 10. Bxc6 bxc6 11. Re1 Be7 12. c4 f5 13. Ba3 Nf6 14. Bxe7 Qxe7 15. Nc3 0-0 16. Na4 Qd6 17. Qc2 Ng4 18. Nf1 f4 19. cxd5 cxd5 20. Qc5 Qxc5 21. Nxc5 Bb5 22. f3 Bxf1 23. fxg4 Bb5 24. a4 Be8 25. Rf1 Rf6 26. g5 Rf5 27. Ne6 f3 28. gxf3 exf3 29. Kf2 Bf7 30. Nc7 Rc8 31. Rac1 Rxg5 32. Nxa6 Re8 33. Rfe1 Rf8 34. Rg1 Rh5 35. Kxf3 Rxh2 36. Kg3 Rb2 37. Nc5 Bh5 38. Rgf1 Re8 39. Rce1 Rxe1 40. Rxe1 h6 41. Ra1 Be2 42. a5 Rd2 43. Ra4 Bb5 44. Rb4 Bc6 45. a6 g5 46. Rb6 Be8 47. a7 Ra2 48. Na6 1-0

[Event "Wroclaw Anderssen Memorial op"]
[Site "Wroclaw"]
[Date "2022.07.30"]
[Round "3"]
[White "Wisniewski, Michal"]
[Black "Lechowski, Witold"]
[Result "1-0"]
[WhiteElo "2120"]
[BlackElo "1569"]
[PlyCount "103"]
[EventDate "2022.07.30"]
[EventType "swiss (rapid)"]
[EventRounds "9"]
[EventCountry "POL"]
[SourceTitle "CBM 209 Extra"]
[Source "ChessBase"]
[SourceDate "2022.09.30"]
[SourceVersion "1"]
[SourceVersionDate "2022.09.30"]
[SourceQuality "1"]

1. Nf3 Nf6 2. c4 g6 3. b4 Bg7 4. Bb2 0-0 5. g3 d5 6. cxd5 Nxd5 7. Bxg7 Kxg7 8. Qb3 Qd6 9. a3 Be6 10. Qb2+ Nf6 11. Bg2 c6 12. 0-0 Kg8 13. d3 Na6 14. Nc3 Nc7 15. Rfd1 Bg4 16. h3 Bxf3 17. Bxf3 Rad8 18. Kg2 Qe5 19. Qb3 Nb5 20. Nxb5 Qxb5 21. a4 Qe5 22. e3 Nd5 23. d4 Qd6 24. b5 Qc7 25. Rdc1 Qb6 26. a5 Qxb5 27. Qxb5 cxb5 28. Rc5 e6 29. Rxb5 Rd7 30. Rc1 Rfd8 31. Rbc5 b6 32. axb6 axb6 33. Rb5 Rd6 34. Ra1 Rb8 35. Ra7 Nc3 36. Rb3 Nd5 37. e4 Nf4+ 38. gxf4 Rxd4 39. Rb5 Rd6 40. e5 Rd4 41. Kg3 h6 42. Ra6 g5 43. fxg5 hxg5 44. Raxb6 Rxb6 45. Rxb6 Kg7 46. Rb3 f6 47. Bh5 fxe5 48. Rb7+ Kh6 49. Bg4 Rd6 50. Rb5 Rd3+ 51. Kg2 Rd5 52. Rb6 1-0

[Event "Liptovsky Jan op"]
[Site "Liptovsky Jan"]
[Date "2022.06.26"]
[Round "6"]
[White "Karas, Marek"]
[Black "Wisniewski, Michal"]
[Result "1/2-1/2"]
[WhiteElo "2294"]
[BlackElo "2073"]
[PlyCount "27"]
[EventDate "2022.06.23"]
[EventType "swiss"]
[EventRounds "7"]
[EventCountry "SVK"]
[SourceTitle "CBM 209 Extra"]
[Source "ChessBase"]
[SourceDate "2022.09.30"]
[SourceVersion "1"]
[SourceVersionDate "2022.09.30"]
[SourceQuality "1"]

1. d4 Nf6 2. Nf3 c5 3. d5 b5 4. Bg5 Qb6 5. Bxf6 gxf6 6. e4 d6 7. a4 bxa4 8. Nc3 Bd7 9. Nxa4 Bxa4 10. Rxa4 Qxb2 11. Bd3 Qc3+ 12. Qd2 Qxd2+ 13. Nxd2 Bh6 14. 0-0 1/2-1/2

[Event "EU-ch Rapid"]
[Site "Katowice"]
[Date "2021.12.18"]
[Round "2"]
[White "Wisniewski, Michal"]
[Black "Vercelli, Alessandro"]
[Result "1-0"]
[WhiteElo "2103"]
[BlackElo "1867"]
[PlyCount "59"]
[EventDate "2021.12.18"]
[EventType "swiss (rapid)"]
[EventRounds "11"]
[EventCountry "POL"]
[SourceTitle "CBM 205 Extra"]
[Source "ChessBase"]
[SourceDate "2022.01.31"]
[SourceVersion "1"]
[SourceVersionDate "2022.01.31"]
[SourceQuality "1"]

1. Nf3 Nf6 2. c4 e6 3. g3 b6 4. Bg2 Bb7 5. 0-0 Be7 6. b3 0-0 7. Bb2 d5 8. e3 c5 9. Nc3 Nbd7 10. Qe2 Rc8 11. Rac1 Qc7 12. Rfd1 Qb8 13. cxd5 exd5 14. d4 Rfd8 15. Na4 Ne4 16. dxc5 bxc5 17. Nd2 Ndf6 18. Nxe4 Nxe4 19. Qg4 Nf6 20. Bxf6 Bxf6 21. Rxc5 Rxc5 22. Nxc5 Bc6 23. Nd3 Qb5 24. Nf4 g6 25. Qe2 d4 26. Qxb5 Bxb5 27. Nd5 Bg7 28. exd4 f6 29. Nc7 Kf7 30. Nxb5 1-0

[Event "EU-ch Blitz"]
[Site "Katowice"]
[Date "2021.12.17"]
[Round "13"]
[White "Czernek, Tymon"]
[Black "Wisniewski, Michal"]
[Result "1-0"]
[WhiteElo "2224"]
[BlackElo "2103"]
[PlyCount "99"]
[EventDate "2021.12.17"]
[EventType "swiss (blitz)"]
[EventRounds "22"]
[EventCountry "POL"]
[SourceTitle "CBM 205 Extra"]
[Source "ChessBase"]
[SourceDate "2022.01.31"]
[SourceVersion "1"]
[SourceVersionDate "2022.01.31"]
[SourceQuality "1"]

1. e4 Nf6 2. e5 Nd5 3. c4 Nb6 4. d4 d6 5. exd6 cxd6 6. Nf3 g6 7. Nc3 Bg7 8. Be3 0-0 9. Be2 Nc6 10. 0-0 Bg4 11. b3 d5 12. c5 Nc8 13. h3 Bxf3 14. Bxf3 e6 15. Ne2 N8e7 16. Ng3 a5 17. Qd2 a4 18. b4 a3 19. Rab1 Ra4 20. Bd1 Ra7 21. Be2 h5 22. Bb5 h4 23. Ne2 Nf5 24. Bxc6 bxc6 25. Bf4 Rb7 26. Qd3 Qa8 27. Rb3 Qa4 28. Rxa3 Qb5 29. Qd1 Qc4 30. Rc3 Qxa2 31. Rb3 Qa4 32. Qd3 Ra8 33. Rfb1 Qb5 34. Qd1 Ra4 35. Nc3 Qa6 36. Nxa4 Qxa4 37. b5 cxb5 38. c6 Ra7 39. c7 Ne7 40. Rxb5 Qxd4 41. Qxd4 Bxd4 42. Rb8+ Kg7 43. Re8 e5 44. Rxe7 exf4 45. c8Q Rxe7 46. Qg4 Re4 47. Qf3 f5 48. Rd1 g5 49. Rxd4 Rxd4 50. Qc3 1-0

[Event "EU-ch Blitz"]
[Site "Katowice"]
[Date "2021.12.17"]
[Round "15"]
[White "Wisniewski, Michal"]
[Black "Sotsky, Alexander"]
[Result "1-0"]
[WhiteElo "2103"]
[BlackElo "2333"]
[PlyCount "83"]
[EventDate "2021.12.17"]
[EventType "swiss (blitz)"]
[EventRounds "22"]
[EventCountry "POL"]
[SourceTitle "CBM 205 Extra"]
[Source "ChessBase"]
[SourceDate "2022.01.31"]
[SourceVersion "1"]
[SourceVersionDate "2022.01.31"]
[SourceQuality "1"]

1. Nf3 d5 2. c4 e6 3. g3 c6 4. Bg2 f5 5. 0-0 Nf6 6. d3 Bc5 7. Nc3 0-0 8. e4 dxe4 9. dxe4 Qxd1 10. Rxd1 fxe4 11. Ng5 Ng4 12. Ngxe4 Bxf2+ 13. Nxf2 Nxf2 14. Rf1 Ng4 15. Rxf8+ Kxf8 16. h3 Nf6 17. Bf4 Nbd7 18. Bd6+ Kf7 19. g4 h6 20. Rf1 e5 21. c5 a5 22. h4 Kg8 23. g5 Ng4 24. Be4 a4 25. Rf3 a3 26. b3 h5 27. Bg6 Ra5 28. b4 Ra6 29. Bxh5 e4 30. Nxe4 Nge5 31. Rf1 Ra4 32. Be7 Rxb4 33. Nd6 Rxh4 34. Bd1 Rd4 35. Nxc8 Nf7 36. Bb3 Nde5 37. g6 Nxg6 38. Bxf7+ Kh7 39. Bxg6+ Kxg6 40. Bd6 Rd2 41. Rf2 Rd5 42. Ne7+ 1-0

[Event "POL-chT 1st League"]
[Site "Szklarska Poreba"]
[Date "2021.09.11"]
[Round "8.4"]
[White "Sanz Wawer, Daniel"]
[Black "Wisniewski, Michal"]
[Result "1-0"]
[WhiteElo "2359"]
[BlackElo "2152"]
[PlyCount "121"]
[EventDate "2021.09.04"]
[EventType "team-swiss"]
[EventRounds "9"]
[EventCountry "POL"]
[SourceTitle "CBM 204 Extra"]
[Source "ChessBase"]
[SourceDate "2021.11.30"]
[SourceVersion "1"]
[SourceVersionDate "2021.11.30"]
[SourceQuality "1"]
[WhiteTeam "Chylice Laura"]
[BlackTeam "Strzelce Opolskie Strzelec"]
[WhiteTeamCountry "POL"]
[BlackTeamCountry "POL"]

1. e4 c5 2. Nf3 d6 3. d4 cxd4 4. Nxd4 Nf6 5. Nc3 g6 6. Be3 Bg7 7. f3 Nc6 8. Qd2 0-0 9. 0-0-0 Nxd4 10. Bxd4 Be6 11. Nd5 Bxd5 12. exd5 e5 13. dxe6 fxe6 14. Bc3 d5 15. g3 Qc7 16. Re1 Rfe8 17. Bb5 e5 18. Bxe8 Rxe8 19. f4 d4 20. Ba5 Qc4 21. b3 Qd5 22. c4 dxc3 23. Qxd5+ Nxd5 24. Rd1 Ne3 25. Rd3 exf4 26. gxf4 Ng2 27. Bc7 Re2 28. Be5 Bh6 29. Bxc3 Rxa2 30. Bb2 Nxf4 31. Rd8+ Bf8 32. Re1 g5 33. Kb1 Ra6 34. Re7 Rg6 35. Rxb7 a6 36. Rdd7 h5 37. Rh7 Rh6 38. Rxh6 Bxh6 39. Rb6 Kh7 40. Bc1 Nd3 41. Bd2 Ne5 42. h4 Nf3 43. Bxg5 Nxg5 44. hxg5 Bxg5 45. Rxa6 h4 46. b4 Bf4 47. Kc2 h3 48. Kd3 h2 49. Ra1 Kg6 50. Ke4 Kg5 51. Kf3 Bd6 52. b5 Kf5 53. Re1 Bb4 54. Rb1 Ke6 55. Kg2 Bd6 56. b6 Kd7 57. b7 Bb8 58. Rc1 Bc7 59. Kh1 Kd8 60. Rd1+ Ke7 61. Rb1 1-0

[Event "POL Cup op rapid"]
[Site "Lodz"]
[Date "2021.08.07"]
[Round "5"]
[White "Stachowiak, Kamil"]
[Black "Wisniewski, Michal"]
[Result "1-0"]
[WhiteElo "2470"]
[BlackElo "2152"]
[PlyCount "93"]
[EventDate "2021.08.07"]
[EventType "swiss (rapid)"]
[EventRounds "9"]
[EventCountry "POL"]
[SourceTitle "CBM 203 Extra"]
[Source "ChessBase"]
[SourceDate "2021.09.30"]
[SourceVersion "1"]
[SourceVersionDate "2021.09.30"]
[SourceQuality "1"]

1. Nf3 Nf6 2. g3 g6 3. Bg2 Bg7 4. 0-0 0-0 5. c4 d5 6. cxd5 Nxd5 7. Nc3 Nc6 8. Nxd5 Qxd5 9. d3 Nd4 10. Nxd4 Qxd4 11. Rb1 c6 12. Be3 Qb4 13. Qc2 Qa5 14. b4 Qh5 15. a4 Bh3 16. Qc5 e5 17. Bxh3 Qxh3 18. b5 cxb5 19. Qxb5 b6 20. a5 Rfe8 21. axb6 axb6 22. Qxb6 e4 23. d4 Qg4 24. Qb5 Red8 25. Rfd1 Bf8 26. Bf4 Ra2 27. Rb2 Rxb2 28. Qxb2 Rd5 29. Be5 e3 30. f3 Qe6 31. Qc3 g5 32. g4 f6 33. Bg3 h5 34. h3 Bd6 35. Be1 Bb8 36. Rb1 Rd8 37. Qc5 Qd6 38. Qxd6 Bxd6 39. gxh5 Kh7 40. Rb7+ Kh6 41. Rf7 Kxh5 42. Rxf6 Bf4 43. Bc3 Rc8 44. Bb4 Rb8 45. Bf8 Kh4 46. Kg2 g4 47. Rxf4 1-0

[Event "Wroclaw Anderssen Memorial op"]
[Site "Wroclaw"]
[Date "2021.07.31"]
[Round "6"]
[White "Wisniewski, Michal"]
[Black "Schletter, Felix"]
[Result "1-0"]
[WhiteElo "2152"]
[BlackElo "1759"]
[PlyCount "149"]
[EventDate "2021.07.31"]
[EventType "swiss (rapid)"]
[EventRounds "9"]
[EventCountry "POL"]
[SourceTitle "CBM 203 Extra"]
[Source "ChessBase"]
[SourceDate "2021.09.30"]
[SourceVersion "1"]
[SourceVersionDate "2021.09.30"]
[SourceQuality "1"]

1. Nf3 Nf6 2. d4 e6 3. Bf4 d5 4. e3 c5 5. c3 Nc6 6. Nbd2 Bd6 7. Bg3 0-0 8. Bd3 b6 9. Ne5 Bb7 10. f4 Ne7 11. Qe2 Ne4 12. 0-0 f6 13. Nef3 Qc7 14. Rac1 Rac8 15. Bb1 cxd4 16. exd4 Bxf4 17. Nxe4 dxe4 18. Bxe4 Bxg3 19. Bxb7 Bxh2+ 20. Nxh2 Qxb7 21. Qxe6+ Kh8 22. Rce1 Ng6 23. Nf3 Qc7 24. Kf2 Qf4 25. Re4 Qh6 26. Ree1 Qf4 27. g3 Qc7 28. Rh1 Qf7 29. Nh4 Nxh4 30. Rxh4 Qg6 31. Qe4 f5 32. Qe6 Qxe6 33. Rxe6 Rfe8 34. Rd6 Red8 35. Rxd8+ Rxd8 36. Kf3 h6 37. Rh2 Kh7 38. Kf4 Kg6 39. Ke5 Kg5 40. Ke6 Kg4 41. Rg2 Kf3 42. Rg1 Kf2 43. Rd1 Kxg3 44. Kxf5 g5 45. d5 Kf3 46. Rd3+ Ke2 47. Rd4 Kf3 48. c4 Rf8+ 49. Kg6 g4 50. Kxh6 g3 51. Kg7 Rf4 52. Rd1 Rxc4 53. d6 Rc8 54. Kf7 g2 55. d7 Rh8 56. Ke7 Rh7+ 57. Kd6 Rh1 58. Rxh1 gxh1Q 59. d8Q Qd1+ 60. Kc7 Qxd8+ 61. Kxd8 Ke2 62. Kc7 Kd2 63. Kb7 Kc2 64. b4 a5 65. b5 a4 66. Kxb6 a3 67. Kc5 Kb2 68. b6 Kxa2 69. b7 Ka1 70. b8Q a2 71. Qe5+ Kb1 72. Qe1+ Kb2 73. Qd2+ Kb1 74. Kc4 a1Q 75. Kb3 1-0

[Event "Wroclaw Anderssen Memorial op"]
[Site "Wroclaw"]
[Date "2021.07.31"]
[Round "4"]
[White "Wisniewski, Michal"]
[Black "Tazbir, Marcin"]
[Result "0-1"]
[WhiteElo "2152"]
[BlackElo "2513"]
[PlyCount "64"]
[EventDate "2021.07.31"]
[EventType "swiss (rapid)"]
[EventRounds "9"]
[EventCountry "POL"]
[SourceTitle "CBM 203 Extra"]
[Source "ChessBase"]
[SourceDate "2021.09.30"]
[SourceVersion "1"]
[SourceVersionDate "2021.09.30"]
[SourceQuality "1"]

1. Nf3 c5 2. b3 Nc6 3. Bb2 Nf6 4. g3 g6 5. Bg2 Bg7 6. 0-0 0-0 7. c4 d6 8. d4 Bg4 9. d5 Na5 10. Nbd2 a6 11. Qc2 b5 12. e4 Nd7 13. Bxg7 Kxg7 14. Qc3+ f6 15. h3 Bxf3 16. Bxf3 Nb7 17. Be2 bxc4 18. Nxc4 Ne5 19. Nxe5 dxe5 20. f4 Nd6 21. Bd3 exf4 22. Rxf4 Qb6 23. Kh2 Nf7 24. Rc1 Ne5 25. Be2 Rfc8 26. Bg4 Rc7 27. Be6 c4 28. d6 Qxd6 29. Bxc4 Rd8 30. Rf2 h5 31. Rcc2 h4 32. Rcd2 Qxd2 0-1

[Event "Opole Termika Rapid op"]
[Site "Opole"]
[Date "2021.07.17"]
[Round "4"]
[White "Pakleza, Zbigniew"]
[Black "Wisniewski, Michal"]
[Result "1-0"]
[WhiteElo "2501"]
[BlackElo "2152"]
[PlyCount "61"]
[EventDate "2021.07.17"]
[EventType "swiss (rapid)"]
[EventRounds "9"]
[EventCountry "POL"]
[SourceTitle "CBM 203 Extra"]
[Source "ChessBase"]
[SourceDate "2021.09.30"]
[SourceVersion "1"]
[SourceVersionDate "2021.09.30"]
[SourceQuality "1"]

1. d4 Nf6 2. Nf3 g6 3. Bf4 c5 4. c3 cxd4 5. cxd4 Bg7 6. Nc3 0-0 7. e3 d6 8. Be2 a6 9. a4 b6 10. 0-0 Bb7 11. h3 Nbd7 12. Qb3 Rc8 13. Rfc1 Rc7 14. Rc2 Qa8 15. Rac1 Nd5 16. Bg5 e5 17. Nxd5 Bxd5 18. Qb4 Rxc2 19. Rxc2 exd4 20. exd4 Re8 21. Qxd6 Bb3 22. Rd2 Bxa4 23. Bc4 Bc6 24. d5 Ne5 25. Nxe5 Bxe5 26. Qxc6 Qb8 27. d6 b5 28. Qxe8+ Qxe8 29. d7 Bh2+ 30. Kxh2 Qe5+ 31. f4 1-0